| 000 | 00437nam a2200193Ia 4500 | ||
|---|---|---|---|
| 008 | 170918s9999 xx 000 0 und d | ||
| 020 | _a590434500 | ||
| 050 | _bY471 1975 | ||
| 100 | _aYep, Laurence | ||
| 245 | _aDragonwings / | ||
| 245 | _cLaurence Yep. | ||
| 260 | _aNew York : | ||
| 260 | _bScholastic, | ||
| 260 | _c1975 | ||
| 300 | _a248 pages : | ||
| 300 | _bcolored illustration ; | ||
| 300 | _c19cm. | ||
| 500 | _a870 | ||
| 999 |
_c342075 _d342075 |
||